000 01080cam a2200253 4500
008 031110n2003 000 0 eng u
020 _a0750656530
035 _a(Sirsi) u124263
041 _aeng
050 _a690.9
_c18
100 _aKronenburg, Robert
245 _aPortable architecture
250 _a3rd ed.
260 _aOxford
_bElsevier
_c2003
300 _avi,274p.
_bill
_c28cm.
350 _a29.99
520 _aThis text provides a comprehensive guide to the design, construction and operation of portable buildings. Providing technical and design detail through a series of high profile built projects, this book is aimed at those who need to design or build a mobile building. It shows that such projects can be practical, economical and flexible, as well as exciting. Explains the technology and design principles accordingly. Case studies; bibliography.
650 _aPORTABLE BUILDINGS
650 _aBUILT ENVIRONMENT-CONSTRUCTION DESIGN
650 _aEXHIBITION CENTRES
650 _aMOBILE OFFICES
690 _aBUILT ENVIRONMENT
942 _n0
999 _c103187
_d103187